000 00756nam a2200241Ia 4500
003 OSt
005 20220923225058.0
006 a|||||r|||| 00| 0
007 ta
008 220922b |||||||| |||| 00| 0 hin d
024 _a256,646
037 _cTextual
040 _aARTS
_cARTS
_bhin
041 _2hin
_ahin
082 _aR3xC67:g, 152K0
100 _aशर्मा, शिवानन्द
245 0 _aअरस्तू
246 _aArastū
260 _aउत्तर प्रदेश
_b उत्तर प्रदेश प्रकाशन शाखा
_c1960
300 _a224पृ.
_ccm.
942 _hR3xC67:g, 152K0
_cTEXL
_2CC
999 _c375899
_d375899